000 00288nam a22001337a 4500
008 171218b xxu||||| |||| 00| 0 eng d
020 _a9781452010038
041 _aeng
080 _a37
100 _a46
101 _aEDU
245 _aSimply the Best
_cMiddleton, K.E
942 _2udc
_cBK
999 _c39079
_d39079